01167nam a22002897a 4500003000400000005001700004008004100021040002200062082001800084100002500102245003000127260006000157300002100217366000800238490003100246505015900277505005200436505001200488650005500500650004700555650004800602650004300650650004500693650005600738650004700794700003600841OSt20230622112446.0221006b |||||||| |||| 00| 0 eng d cBiblioteca Lado V a709.05bG851a aGriffin, Timeeditor aArtforum/bInternacional/ aNew Yorkc2014bNew York editorial and business offices c26.5x27cma340p. eeng aDICIEMBREv2014x0864-1315 tCOLUMNSaEDITORS LETTER: VAPORWARE FILM: BEST OF 2014 MUSIC: BEST OF 2014 BOOKS: BEST OF 2014 THE ARTISTS' ARTISTS CLAIRE BISHOP THE YEAR IN FASHION tFEATURESaBEST OF 2014 THE YEAR IN INFORMATION tREVIEWS 2Tesauro de Arte & ArquitecturaaARTE COMTEMPORANEO 2Tesauro de Arte & ArquitecturaaFOTOGRAFIA 2Tesauro de Arte & ArquitecturaaARTE VISUAL 2Tesauro de Arte & ArquitecturaaLIBROS 2Tesauro de Arte & ArquitecturaaNOTICIAS 2 Tesauro de Arte & ArquitecturaaARTE INTERNACIONAL 2 Tesauro de Arte & ArquitecturaaESCULTURA aNavarreta, Jose Antonioeeditor